Spektrálne vlastnosti farbív použitých v kolorovanej fotografii

Salvato in:
Dettagli Bibliografici
Autore principale: Janegová, Zuzana
Natura: Libro
Lingua:slovacco
Pubblicazione: Bratislava STU FCHPT 2012
Accesso online:Visualizza in OPAC
Tags: Aggiungi Tag
Nessun Tag, puoi essere il primo ad aggiungerne!!

MARC

LEADER 00000nam a2200000 a 4500
005 20260127134400.0
008 120828 2012 xo 000 0 slo d
035 |a vtls010444903 
039 9 |y 201208281316  |z mschk03 
040 |a STUSCHK1  |b slo  |c STUSCHK1  |e AACR2 
100 1 |a Janegová, Zuzana 
245 1 |a Spektrálne vlastnosti farbív použitých v kolorovanej fotografii  |c Zuzana Janegová 
260 |a Bratislava  |b STU FCHPT  |c 2012 
300 |a 50 s.  |b il.  |c 30 cm 
500 |a Obháj.: 9.7. 2012 
500 |a Študijný program: technológia polymérnych materiálov 
500 |a Študijný odbor: 5.2.18 chemické technológie 
500 |a Bakalárska práca 
500 |a FCHPT, Oddelenie polygrafie a aplikovanej fotochémie 
500 |a Evidenčné číslo: 5461-50575 
910 |a SCHK95 
999 |c 11384  |d 11384